000 00421nam a2200205Ia 4500
001 001105
003 YMCAF
005 20230512160048.0
008 100717s1971 ||||||||||||||||| ||und|d
024 _a1105
035 _a1087
040 _aYMCAF
_beng
_cIN-KoLT
041 _aeng
082 _aSTR-LAN
100 _aLANG J.
245 0 _aSTROM SPANNUNG-WIDSSTANCE
260 _c1971
300 _a9
942 _2ddc
_cBK
999 _c890
_d890